Central Library OPAC University of Rajshahi

পাকিস্তান আন্দোলন ও মুসলিম সাহিত্য / (Record no. 43829)

MARC details
000 -LEADER
fixed length control field 00993nam a2200241 a 4500
001 - CONTROL NUMBER
control field 43829
003 - CONTROL NUMBER IDENTIFIER
rucl marc code BD-RjUL
005 - DATE AND TIME OF LATEST TRANSACTION
control field 20211209053746.0
008 - FIXED-LENGTH DATA ELEMENTS--GENERAL INFORMATION
fixed length control field 160628b1968 bg ||||| |||| 00| 0 ben d
020 ## - INTERNATIONAL STANDARD BOOK NUMBER
Terms of availability : PRs. 5.00
035 ## - SYSTEM CONTROL NUMBER
System control number (BD-RjUL)43947
040 ## - CATALOGING SOURCE
Original cataloging agency BD-RjUL
Language of cataloging ben/eng
Transcribing agency BD-RjUL
041 ## - LANGUAGE CODE
Language code of text/sound track or separate title ben
082 ## - DEWEY DECIMAL CLASSIFICATION NUMBER
Edition number 23
Classification number B 891.4409
Author mark and year PAK 1968
245 10 - TITLE STATEMENT
Title পাকিস্তান আন্দোলন ও মুসলিম সাহিত্য /
Statement of responsibility, etc. সম্পাদনা: সরদার ফজলুল করিম
260 ## - PUBLICATION, DISTRIBUTION, ETC. (IMPRINT)
Place of publication, distribution, etc. ঢাকা :
Name of publisher, distributor, etc. বাংলা একাডেমী,
Date of publication, distribution, etc. ১৯৬৮.
300 ## - PHYSICAL DESCRIPTION
Pagination ১৮৪, [১] পৃ. ;
Size ২০ সেমি.
600 ## - SUBJECT ADDED ENTRY--PERSONAL NAME
Titles and other words associated with a name .
650 ## - SUBJECT ADDED ENTRY--TOPICAL TERM
Topical term or geographic name as entry element বাংলা সাহিত্য
General subdivision ইতিহাস ও সমালোচনা
9 (RLIN) 134708
Topical term or geographic name as entry element Bengali Literature
General subdivision history and criticism
9 (RLIN) 117020
700 ## - ADDED ENTRY--PERSONAL NAME
Personal name করিম, সরদার ফজলুল, সম্পাদক
942 ## - ADDED ENTRY ELEMENTS (KOHA)
Source of classification or shelving scheme Dewey Decimal Classification
Koha item type Books
Holdings
Lost status Source of classification or shelving scheme Damaged status Not for loan Collection code Permanent Location Current Location Shelving location Date acquired Source of acquisition Cost, normal purchase price Total Checkouts Full call number Date last seen Date checked out Copy number Koha item type
  Dewey Decimal Classification     Non-fiction Central Library, University of Rajshahi Central Library, University of Rajshahi   15/04/1969 N / A 5.00 1 B 891.4409 PAK 1968 19/07/2018 26/04/2018 C-2 Books